000 00360nam a22001331a 4500
082 _aH 934
_bVIJ/P
100 _aVijayendra Sharma
_9124823
245 _aPracheen Bharath mein janmat/
_cby Vijayendra Sharma
260 _aNew Delhi:
_bBhoomika,
_c1996.
300 _a248p.
650 _aHistory India Ancient
_9124824
650 _aHistory
_9124825
942 _cBK
999 _c35350
_d35350